Modelamiento de efectos especiales en la extrusión de polímeros /

Guardado en:
Otros Autores: Kenny, José María. (Disertante)
Formato: Manuscrito
Idioma:Spanish
Publicado: 1984.
Materias:
Etiquetas: Agregar Etiqueta
Sin Etiquetas, Sea el primero en etiquetar este registro!
LEADER 00914ntm a22002295a 4500
001 EIQ.libpla002582
008 070703s1984####ag#a#####bm###000#0#spa#d
005 20070703174212.0
245 1 0 |a Modelamiento de efectos especiales en la extrusión de polímeros /  |c José María Kenny. 
260 |c 1984. 
300 |a ca. 290 p. :  |b il. ;  |c 21 cm. 
502 |a Tesis (doctorado)--Universidad Nacional del Sur. Departamento de Ingeniería Química, 1984. 
500 |a Director de tesis: Dr. José Mario Castro. 
504 |a Incluye referencias bibliográficas. 
100 1 |a Kenny, José María.  |4 dis 
710 2 |a Universidad Nacional del Sur (UNS).  |b Dto. de Ingeniería Química  |4 dgg. 
650 4 |a Polímeros  |x Tesis. 
650 4 |a Polímeros  |x Extrusion. 
650 4 |a Polymers  |x Thesis. 
650 4 |a Polymers  |x Extrusion process. 
040 |a AR-BbSID  |b spa  |c AR-BbSID 
859 |a AR-BbSID  |b BIB. PLAPIQUI  |h 668.413  |i K 399  |p 5012